| 000 | 00526nam a22001817a 4500 | ||
|---|---|---|---|
| 003 | OSt | ||
| 005 | 20180116183046.0 | ||
| 008 | 160720b xxu||||| |||| 00| 0 eng d | ||
| 020 | _a0 | ||
| 040 | _c0 | ||
| 082 | _a954.04 KAR 1992 | ||
| 100 | _aArshad Syed Karim | ||
| 245 |
_aPakistan and the Muslim Legue _bA Biographical Narrative of Syed Hosain Imam _cArshad Syed karim |
||
| 260 |
_aKarachi Pakistan _bRoyal Book Company _c1992 |
||
| 300 |
_a202+ P. _bHB |
||
| 440 | _aPakistan and the Muslim Legue | ||
| 942 |
_2ddc _cBK |
||
| 999 |
_c351427 _d351427 |
||